<?xml version="1.0" encoding="UTF-8"?>
<marc:record xmlns:marc="http://www.loc.gov/MARC21/slim">
   <marc:leader>00000nam a2200000 a 4500</marc:leader>
   <marc:datafield ind1="1" ind2=" " tag="100">
      <marc:subfield code="a">Gordon, Jaimy</marc:subfield>
      <marc:subfield code="4">aut</marc:subfield>
      <marc:subfield code="e">Verfasser/-in</marc:subfield>
   </marc:datafield>
   <marc:datafield ind1="1" ind2=" " tag="100">
      <marc:subfield code="a">Herzke, Ingo</marc:subfield>
      <marc:subfield code="4">trl</marc:subfield>
      <marc:subfield code="e">Übersetzer/-in</marc:subfield>
   </marc:datafield>
   <marc:datafield ind1="0" ind2="0" tag="245">
      <marc:subfield code="a">Die Außenseiter</marc:subfield>
   </marc:datafield>
   <marc:datafield ind1="0" ind2="0" tag="245">
      <marc:subfield code="b">Roman</marc:subfield>
   </marc:datafield>
   <marc:datafield ind1="0" ind2="0" tag="245">
      <marc:subfield code="c">Jaimy Gordon. Aus dem Amerikan. von Ingo Herzke</marc:subfield>
   </marc:datafield>
   <marc:datafield ind1=" " ind2="1" tag="264">
      <marc:subfield code="a">Berlin</marc:subfield>
      <marc:subfield code="b">Aufbau-Verl.</marc:subfield>
      <marc:subfield code="c">2012</marc:subfield>
   </marc:datafield>
   <marc:datafield ind1=" " ind2=" " tag="250">
      <marc:subfield code="a">1. Aufl.</marc:subfield>
   </marc:datafield>
   <marc:datafield ind1="1" ind2=" " tag="520">
      <marc:subfield code="a">Mit ihrem Roman "Die Außenseiter" ist der amerikanischen Autorin Jaimy Gordon ein großer Wurf gelungen. Die Geschichte um Maggie, Tommy, Deucey und Medicin Ed wurde in Amerika zum wichtigsten Buch des Jahres gewählt. Und dies alles wegen einer Geschichte rund um Pferdewetten, die den Glauben an den "American way of life" mit Füßen zu treten scheint - wohl passend zur heutigen Wirtschaftskrise.  Der Roman spielt 1970 im Milieu einer wenig bekannten Rennbahn in West Virginia. Die Protagonisten sind auf schnelles Geld aus, ohne wirklich zu verstehen, dass alles rund um Pferdewetten ein hartes Geschäft ist. Da helfen weder Feingefühl noch Liebe zu den Rennpferden, hier gelten nur Gerissenheit und Rücksichtslosigkeit. Dies erleben vor allem Maggie und der junge Tommy Hansel am eigenen Leib. Als im entscheidenden Rennen dann ein unbekannter Rappe auftaucht, gerät die bisher übersichtliche Welt aus den Fugen und das Schicksal wendet sich.  Die Autorin schreibt in einer klaren Sprache mit leisen Zwischentönen. Ein Roman, der angesichts der enorm gestiegenen Beliebtheit von Pferden wohl eine große Menge an vor allem weiblichen Leserinnen gewinnen wird.   *LHW.Lesen.Hören.Wissen* Michael Patreider</marc:subfield>
   </marc:datafield>
   <marc:datafield ind1=" " ind2=" " tag="020">
      <marc:subfield code="a">9783351033811</marc:subfield>
      <marc:subfield code="9">9783351033811</marc:subfield>
   </marc:datafield>
   <marc:datafield ind1=" " ind2=" " tag="020">
      <marc:subfield code="a">3351033818</marc:subfield>
      <marc:subfield code="9">3351033818</marc:subfield>
   </marc:datafield>
   <marc:datafield ind1=" " ind2=" " tag="041">
      <marc:subfield code="a">ger</marc:subfield>
   </marc:datafield>
   <marc:datafield ind1=" " ind2=" " tag="300">
      <marc:subfield code="a">328 S.</marc:subfield>
   </marc:datafield>
</marc:record>
